International law /
Enregistré dans:
| Auteur principal: | |
|---|---|
| Format: | Livre |
| Publié: |
New York :
Cambridge University Press,
c1997.
|
| Édition: | 7th ed. |
| Sujets: | |
| Accès en ligne: | http://www.loc.gov/catdir/enhancements/fy0838/2008037228-b.html http://www.loc.gov/catdir/enhancements/fy0838/2008037228-d.html http://www.loc.gov/catdir/enhancements/fy0838/2008037228-t.html |
| Tags: |
Ajouter un tag
Pas de tags, Soyez le premier à ajouter un tag!
|
MARC
| LEADER | 00000cam a2200000 a 4500 | ||
|---|---|---|---|
| 005 | 20260330112753.0 | ||
| 020 | |a 9781107612495 (pbk.) |c TZS 72,779.5 | ||
| 020 | |a 9780521899291 (hbk.) | ||
| 040 | |a MCCL |b eng. |e AACR 2nd rev. ed. | ||
| 082 | 0 | 0 | |a 3421 SHAW |
| 100 | 1 | |a Shaw, Malcolm N. | |
| 245 | 1 | 0 | |a International law / |c Malcolm N. Shaw. |
| 250 | |a 7th ed. | ||
| 260 | |a New York : |b Cambridge University Press, |c c1997. | ||
| 300 | |a lxxxv, 972 p. ; |c 23 cm. | ||
| 504 | |a Includes bibliographical references and index. | ||
| 504 | |a Includes Web resources. | ||
| 650 | 0 | |a International law. | |
| 856 | 4 | 2 | |u http://www.loc.gov/catdir/enhancements/fy0838/2008037228-b.html |
| 856 | 4 | 2 | |u http://www.loc.gov/catdir/enhancements/fy0838/2008037228-d.html |
| 856 | 4 | 1 | |u http://www.loc.gov/catdir/enhancements/fy0838/2008037228-t.html |
| 942 | |c BK | ||
| 999 | |c 12557 |d 12557 | ||